000 00285nam a22001217a 4500
020 _aNA
082 _222
_a573.8521
100 _aEliasmith, Chris and Anderson, Charles H.
245 _aNeural engineering /
260 _bPrentice Hall,
_cc2005.
300 _a0
_bill. ;
942 _2ddc
_cEE
999 _c4328
_d4328